书目信息 |
| 题名: |
食品工艺学概论
|
|
| 作者: | 孟宪军 主编 | |
| 分册: | ||
| 出版信息: | 北京 中国农业出版社 2006 |
|
| 页数: | 320页 | |
| 开本: | 26cm | |
| 丛书名: | ||
| 单 册: | ||
| 中图分类: | TS201.1 | |
| 科图分类: | ||
| 主题词: | 食品工艺学--高等学校--教材 , 食品工艺学 | |
| 电子资源: | ||
| ISBN: | 978-7-109-09833-6 | |
| 000 | 00873nam0 2200253 45 | |
| 001 | 1050836187 | |
| 005 | 20100420100318.77 | |
| 010 | @a978-7-109-09833-6@dCNY30.00 | |
| 100 | @a20100409e20092006em y0chiy50 ea | |
| 101 | 0 | @achi |
| 102 | @aCN@b110000 | |
| 105 | @ay z 000yy | |
| 106 | @ar | |
| 200 | 1 | @a食品工艺学概论@AShi Pin Gong Yi Xue Gai Lun@f孟宪军主编@FMeng Xian Jun Zhu Bian |
| 210 | @a北京@c中国农业出版社@d2006@h2009 | |
| 215 | @a320页@d26cm | |
| 300 | @a全国高等农业院校教材 | |
| 330 | @a本书围绕各类食品加工整个过程,从食品加工原料入手,到加工副产品的综合利用,详细介绍了食品加工保藏的基本原理、加工工艺技术操作要点和食品加工行业发展动态。 | |
| 606 | 0 | @a食品工艺学@x高等学校@j教材 |
| 606 | 0 | @a食品工艺学 |
| 690 | @aTS201.1@v4 | |
| 701 | 0 | @a孟宪军@AMeng Xian Jun@4主编 |
| 801 | 0 | @aCN@bTANGWEI@c20100420 |
| 905 | @b0590942-46@dTS201.1@e124@f5 | |
| 食品工艺学概论/孟宪军主编.-北京:中国农业出版社,2006(2009) |
| 320页;26cm |
| 全国高等农业院校教材 |
| ISBN 978-7-109-09833-6:CNY30.00 |
| 本书围绕各类食品加工整个过程,从食品加工原料入手,到加工副产品的综合利用,详细介绍了食品加工保藏的基本原理、加工工艺技术操作要点和食品加工行业发展动态。 |
| ● |
| 相关链接 |
|
|
|
|
正题名:食品工艺学概论
索取号:TS201.1/124
 
预约/预借
| 序号 | 登录号 | 条形码 | 馆藏地/架位号 | 状态 | 备注 |
| 1 | 0590942 | 205909427 | 第二样本阅览室/ [索取号:TS201.1/124] | 在馆 | |
| 2 | 0590943 | 205909436 | 第三借阅区/ [索取号:TS201.1/124] | 在馆 | |
| 3 | 0590944 | 205909445 | 第三借阅区/ [索取号:TS201.1/124] | 在馆 | |
| 4 | 0590945 | 205909454 | 第三借阅区/ [索取号:TS201.1/124] | 在馆 | |
| 5 | 0590946 | 205909463 | 密集书库-生命科学系/ [索取号:TS201.1/124] | 在馆 |